Does it border Sudan? Quiz Stats

Quiz not verified by Sporcle

Also try: The DRC Quiz
Challenge
Share
Tweet
Embed
Score 0/20 Timer 02:00
0 Plays Today
Country Borders Sudan? % Correct
Yemen???
100%
South Sudan???
98.3%
Saudi Arabia???
98.3%
Israel???
96.6%
Burundi???
96.6%
Egypt???
94.9%
Chad???
93.2%
Niger???
93.2%
Cameroon???
93.2%
Ethiopia???
91.5%
Country Borders Sudan? % Correct
Kenya???
91.5%
Rwanda???
89.8%
Algeria???
88.1%
Uganda???
84.7%
Eritrea???
83.1%
Djibouti???
83.1%
Democratic Republic of the Congo???
79.7%
Libya???
78%
Somalia???
76.3%
Central African Republic???
62.7%

You're not logged in!

Compare scores with friends on all Sporcle quizzes.
Join for Free
OR
Log In

You Might Also Like...

Show Comments

Extras

Top Quizzes Today


Score Distribution

Your Account Isn't Verified!

In order to create a playlist on Sporcle, you need to verify the email address you used during registration. Go to your Sporcle Settings to finish the process.

Report this User

Report this user for behavior that violates our Community Guidelines.

Details: